| 000 | 00536cam a22001931i 4500 | ||
|---|---|---|---|
| 001 | sa 64003522 | ||
| 003 | DLC | ||
| 005 | 20260227112018.0 | ||
| 008 | 830310s1963 io a 000 0 ind | ||
| 010 | _asa 64003522 | ||
| 035 | _a(OCoLC)9297389 | ||
| 040 |
_aDLC _cOAU _dDLC |
||
| 042 | _apremarc | ||
| 050 | 0 | 0 |
_aPL5089.A1 _bK5 |
| 245 | 0 | 0 |
_aKisah pedang bersatupadu (Lian kiam hong in) / _cdituturkan oleh O. K. T. |
| 260 |
_aDjakarta : _bMekar Djaja, _c[1963] |
||
| 300 |
_a15 pts. in 2 v. : _bill. ; _c18 cm. |
||
| 700 | 1 | _aT., O. K. | |
| 999 |
_c57987 _d57987 |
||